Rozpoznaj piłkarza po zdjęciu [poziom łatwy] #1 - Statystyki

Ogólne statystyki
  • Ten quiz został rozwiązany 1 408 razy
  • Średni wynik to 26 z 32
Statystyki odpowiedzi
Obrazkowy Odpowiedź % Poprawnych
Ronaldo
95%
Ronaldinho
93%
Luka Modrić
89%
Grzegorz Krychowiak
88%
Harry Kane
88%
Mohamed Salah
88%
Sergio Aguero
88%
Sergio Ramos
87%
Erling Haaland
86%
Zbigniew Boniek
86%
N'Golo Kante
85%
Andres Iniesta
84%
Jude Bellingham
84%
Pedri
84%
Carles Puyol
83%
Jan Oblak
83%
Kevin De Bruyne
83%
Virgil Van Dijk
83%
Iker Casillas
82%
Casemiro
81%
David Beckham
80%
Franc Ribery
79%
Arjen Robben
78%
Andrea Pirlo
77%
David Alaba
77%
Gianluigi Donnarumma
73%
Alvaro Morata
71%
Nani
69%
Riyad Marhez
67%
Giorgio Chiellini
62%
Fernando Torres
58%
Mario Mandzukic
53%
Nie znaleziono quizów pasujących do podanych kryteriów
Rozkład punktacji
Procent ludzi z każdym wynikiem
Percentyl według liczby udzielonych odpowiedzi
Twoja historia wyników
Nie rozwiązałeś tego quizu